000 00537nam a22001817a 4500
005 20251108164305.0
008 250721s1975 xx 000 0 ara d
082 1 4 _a811.5/محم
100 1 _aالدليمي، محمد نايف
_eتحقيق
245 1 0 _aديوان الموشحات الموصلية /
264 1 _aالموصل :
_bمكتبة بسام،
_c1975.
300 _a250ص
650 1 7 _aالشعر العربي
650 1 7 _aالعصر الأندلسي
650 1 7 _aالموشحات
942 _2ddc
_cBK
999 _c8497
_d8497